000 00340pab a2200145 454500
008 180718b2002 xxu||||| |||| 00| 0 eng d
100 _aSikka, Pawan
245 _aBidding of scientific research projects
260 _c2002
300 _ap.10-12.
362 _a18 Nov
650 _aResearch
773 _aUniversity News
909 _a54545
999 _c54545
_d54545